|
|
|
|
| LEADER |
00000nab a2200000 a 4500 |
| 001 |
vtls000066202 |
| 003 |
SK-MaSNL |
| 005 |
20260303025147.0 |
| 008 |
111103c1980 xo 0 slo |
| 015 |
|
|
|a SNBRB19rr/mm-uuuuu
|
| 035 |
|
|
|a CL0076302
|
| 040 |
|
|
|a SNKBUCL
|b slo
|c SNKBUCL
|e AACR2
|
| 041 |
0 |
|
|a slo
|
| 044 |
|
|
|a xo
|c SK
|
| 080 |
|
|
|a 75
|2 1981
|
| 100 |
1 |
|
|a Hurajová, Františka
|4 aut
|9 420854
|
| 245 |
1 |
0 |
|a Poeticky o človeku
|b Sľubná kolekcia akad. maliara P. Štrompacha
|c Františka Hurajová
|
| 610 |
2 |
7 |
|a Galéria Cypriána Majerníka (Bratislava, Slovensko)
|2 snkbucl
|9 32563
|
| 650 |
0 |
7 |
|a Štrompach, Peter
|2 snkbucl
|9 1008842
|
| 651 |
|
7 |
|a 5100
|2 snkbucl
|9 166206
|
| 655 |
|
7 |
|a články z novín a časopisov
|2 snkbucl
|9 267496
|
| 773 |
0 |
|
|t Práca
|g Roč. 35, č. 198 (22. 8. 1980), s. 6
|
| 850 |
|
|
|a Slovenská národná knižnica v Martine
|a MTA001
|
| 852 |
|
|
|a SNK
|b KIS3GCP
|
| 958 |
|
|
|a RK
|
| 992 |
|
|
|a RBX
|
| 999 |
|
|
|c 1644751
|d 1646681
|